Regional Capitals of the Philippines - Statistics

General Stats
  • This quiz has been taken 248 times
  • The average score is 11 of 17
Answer Stats
Region Capital % Correct
NCR National Capital Region Manila
94%
VII Central Visayas Cebu
82%
CAR Cordillera Administrative Region Baguio
78%
XI Davao Region Davao
78%
BARMM Bangsamoro Autonomous Region in Muslim Mindanao Cotabato
69%
VI Western Visayas Iloilo
68%
V Bicol Region Legazpi
67%
I Ilocos Region San Fernando, La Union
67%
III Central Luzon San Fernando, Pampanga
67%
X Northern Mindanao Cagayan De Oro
65%
VIII Eastern Visayas Tacloban
61%
XIII Caraga Region Butuan
58%
II Cagayan Valley Tuguegarao
58%
IV-A CALABARZON Calamba
57%
IV-B MIMAROPA Calapan
57%
IX Zamboanga Peninsula Pagadian
57%
XII SOCCSKSARGEN Koronadal
48%
No matching quizzes found
Score Distribution
Percent of People with Each Score
Percentile by Number Answered
Your Score History
You have not taken this quiz